Digital Signal Processing (A Practical Approach) (Record no. 36266)

MARC details
000 -LEADER
fixed length control field 00441nam a2200169Ia 4500
008 - FIXED-LENGTH DATA ELEMENTS--GENERAL INFORMATION
fixed length control field 230524s9999 xx 000 0 und d
082 ## - DEWEY DECIMAL CLASSIFICATION NUMBER
Classification number 621.3829
Item number IFE
100 ## - MAIN ENTRY--AUTHOR NAME
Personal name Emmanuel C.Ifeachor
245 #0 - TITLE STATEMENT
Title Digital Signal Processing (A Practical Approach)
250 ## - EDITION STATEMENT
Edition statement 2ND
260 ## - PUBLICATION, DISTRIBUTION, ETC. (IMPRINT)
Place of publication NEW DELHI
Name of publisher Pearson
Year of publication 2004
300 ## - PHYSICAL DESCRIPTION
Number of Pages XIV;925
500 ## - GENERAL NOTE
General note Quantity Number: 2
650 ## - SUBJECT ADDED ENTRY--TOPICAL TERM
Topical Term Electronics
700 ## - ADDED ENTRY--PERSONAL NAME
Personal name Barrie W.Jervis
942 ## - ADDED ENTRY ELEMENTS (KOHA)
Koha item type Books
Holdings
Lost status Damaged status Permanent Location Current Location Shelving location Date acquired Full call number Accession Number Koha item type
    Central Library, Trident Academy of Technology Central Library, Trident Academy of Technology General Stacks 05/24/2023 621.3829 IFE 15285 Books
    Central Library, Trident Academy of Technology Central Library, Trident Academy of Technology General Stacks 05/24/2023 621.3829 IFE 16885 Books
Trident Academy of Technology © 2023.
All rights reserved.                                                                                                                                                                                                        Designed by Team of Central Library .

Powered by Koha